000 00755cam a2200241 a 4500
001 4016771
005 20180119050041.0
008 970618s1998 maua b 001 0 eng
010 _a 97025720
020 _a0256099391 (alk. paper)
040 _aDLC
_cDLC
_dDLC
041 _aeng
043 _an-us---
080 _a658.15 mar
082 0 0 _a658.15 mar
_221
100 1 _a55
101 _afin
245 1 0 _aFinancial markets and corporate strategy /
_cMark Grinblatt, Sheridan Titman.
504 _aIncludes bibliographical references and indexes.
906 _a7
_bcbc
_corignew
_d1
_eocip
_f19
_gy-gencatlg
942 _2ddc
_cBK
999 _c40558
_d40558